书目信息 |
| 题名: |
呋喃树脂砂铸造生产及应用实例
|
|
| 作者: | 吴殿杰 , 章舟 编著 | |
| 分册: | ||
| 出版信息: | 北京 化学工业出版社 2012.8 |
|
| 页数: | 227页 | |
| 开本: | 24cm | |
| 丛书名: | ||
| 单 册: | ||
| 中图分类: | TG242 | |
| 科图分类: | ||
| 主题词: | 铸造 , 呋喃树脂 , 树脂砂 , 呋喃树脂--树脂砂--铸造 | |
| 电子资源: | ||
| ISBN: | 978-7-122-14449-2 | |
| 000 | 01182nam0 2200289 45 | |
| 001 | 1360111281 | |
| 005 | 20130530154728.34 | |
| 010 | @a978-7-122-14449-2@dCNY58.00 | |
| 100 | @a20130513d2012 em y0chiy50 ea | |
| 101 | 0 | @achi |
| 102 | @aCN@b110000 | |
| 105 | @aa z 000yy | |
| 106 | @ar | |
| 200 | 1 | @a呋喃树脂砂铸造生产及应用实例@AFu Nan Shu Zhi Sha Zhu Zao Sheng Chan Ji Ying Yong Shi Li@f吴殿杰,章舟编著@FWu Dian Jie, Zhang Zhou Bian Zhu |
| 205 | @a2版 | |
| 210 | @a北京@c化学工业出版社@d2012.8 | |
| 215 | @a227页@c图@d24cm | |
| 330 | @a本书密切结合呋喃树脂砂铸件的生产实践,在介绍呋喃树脂砂的工艺原理及原辅材料的基础上,结合作者多年来在树脂砂铸造工艺、装备技术方面的实践经验,重点介绍了呋喃树脂砂的工艺设计特点和要点、专用设备及生产线、铸件缺陷分析及防止措施,列举典型实例说明了呋喃树脂砂铸造工艺在铸铁件、铸钢件、风电铸件、汽车铸件等零部件方面的应用情况和各类型零件的浇注系统设计计算方法。 | |
| 606 | 0 | @a铸造 |
| 606 | 0 | @a呋喃树脂 |
| 606 | 0 | @a树脂砂 |
| 606 | 0 | @a呋喃树脂@x树脂砂@x铸造 |
| 690 | @aTG242@v5 | |
| 701 | 0 | @a吴殿杰@AWu Dian Jie@4编著 |
| 701 | 0 | @a章舟@AZhang Zhou@4编著 |
| 801 | @aCN@bTANGWEI@c20130522 | |
| 905 | @b0834431-33@dTG242@e4=2@f3 | |
| 呋喃树脂砂铸造生产及应用实例/吴殿杰,章舟编著.-2版.-北京:化学工业出版社,2012.8 |
| 227页:图;24cm |
| ISBN 978-7-122-14449-2:CNY58.00 |
| 本书密切结合呋喃树脂砂铸件的生产实践,在介绍呋喃树脂砂的工艺原理及原辅材料的基础上,结合作者多年来在树脂砂铸造工艺、装备技术方面的实践经验,重点介绍了呋喃树脂砂的工艺设计特点和要点、专用设备及生产线、铸件缺陷分析及防止措施,列举典型实例说明了呋喃树脂砂铸造工艺在铸铁件、铸钢件、风电铸件、汽车铸件等零部件方面的应用情况和各类型零件的浇注系统设计计算方法。 |
| ● |
| 相关链接 |
|
|
|
|
正题名:呋喃树脂砂铸造生产及应用实例
索取号:TG242/4=2
 
预约/预借
| 序号 | 登录号 | 条形码 | 馆藏地/架位号 | 状态 | 备注 |
| 1 | 0834431 | 208344317 | 第二样本阅览室/ [索取号:TG242/4=2] | 在馆 | |
| 2 | 0834432 | 208344326 | 第三借阅区/ [索取号:TG242/4=2] | 在馆 | |
| 3 | 0834433 | 208344335 | 密集书库-化学系/ [索取号:TG242/4=2] | 在馆 |